00622nam a2200217 a 4500001001000000003000500010005001700015008004100032010001100073011001100084040000900095100004000104245006900144260003800213300001700251650001600268650003000284650001800314650003100332710004100363000109110CHAP20250516062731.0140403s2013 mx a |r| |||||||spa d a105572 a106544 cCHAP1 aSalazar Bustos, María del Socorro12aEl cultivo de tilapia /cpor María del Socorro Salazar Bustos. aChapingo, Méx. :bUACH.,c2013. a46 p. :bil. 4aAcuicultura 4aAgricultura y acuicultura 4aPiscicultura. 7aTilapia (nombre común)20 aUACH. Campo Agrícola Experimental.